000 00691nam a2200253Ia 4500
003 OSt
005 20220918175034.0
006 a|||||r|||| 00| 0
007 ta
008 220917b |||||||| |||| 00| 0 eng d
024 _a15,324
037 _cTextual
040 _aARTS
_cARTS
_beng
041 _2eng
_aeng
082 _aO111:g, L3 (TTO)
100 _aPrawer S S
_918137
245 0 _aComparative literary studies
_b An introduction
260 _aLondon
_bDuckworth UK
_c1973
300 _axi,180p.
_ccm.
500 _aBibliography 174p
650 _aENGLISH LITERATURE
942 _hO111:g, L3 (TTO)
_cTEXL
_2CC
999 _c155737
_d155737